Billboard #1 Hits of 2019 - Statistics

General Stats
  • This quiz has been taken 123 times
  • The average score is 12 of 15
Answer Stats
Hint Extra Hint Explanation Answer % Correct
All I Want for Christmas Is You 21 December (3 wks.)
19 December 2020 (2 wks.)
25 December 2021 (3 wks.)
17 December 2022 (4 wks.)
23 December 2023 (2 wks.)
14 December 2024 (4 wks.)
Listen on YouTube Mariah Carey
94%
Old Town Road 13 April (19 wks.) Listen on YouTube Lil Nas X [13 April]; Lil Nas X featuring Billy Ray Cyrus [beginning 20 April]
93%
Bad Guy 24 August (1 wk.) Listen on YouTube Billie Eilish
91%
7 Rings 2 February (5 wks.)
23 March (3 wks.)
Listen on YouTube Ariana Grande
88%
Señorita 31 August (1 wk.) Listen on YouTube Shawn Mendes and Camila Cabello
88%
Shallow 9 March (1 wk.) Listen on YouTube Lady Gaga and Bradley Cooper
85%
Someone You Loved 2 November (1 wk.)
16 November (2 wks.)
Listen on YouTube Lewis Capaldi
80%
Without Me 12 January (1 wk.)
26 January (1 wk.)
Listen on YouTube Halsey
78%
Circles 30 November (2 wks.) Listen on YouTube Post Malone
75%
Highest in the Room 19 October (1 wk.) Listen on YouTube Travis Scott
75%
Sucker 16 March (1 wk.) Listen on YouTube Jonas Brothers
74%
Truth Hurts 7 September (6 wks.)
26 October (1 wk.)
Listen on YouTube Lizzo
74%
Sunflower 19 January (1 wk.) Listen on YouTube Post Malone and Swae Lee
65%
Lose You to Love Me 9 November (1 wk.) Listen on YouTube Selena Gomez
65%
Heartless 14 December (1 wk.) Listen on YouTube The Weeknd
65%
No matching quizzes found
Score Distribution
Percent of People with Each Score
Percentile by Number Answered
Your Score History
You have not taken this quiz